[Event "Vlissingen HZ op 23rd"]
[Site "Vlissingen"]
[Date "2019.08.06"]
[Round "5"]
[White "Reichardt, Robin"]
[Black "Mityaev, Alexandr"]
[Result "0-1"]
[WhiteElo "1811"]
[BlackElo "2087"]
[PlyCount "106"]
[EventDate "2019.08.03"]
[EventType "swiss"]
[EventRounds "9"]
[EventCountry "NED"]
[SourceTitle "CBM 191 Extra"]
[Source "ChessBase"]
[SourceDate "2019.09.30"]
[SourceVersion "1"]
[SourceVersionDate "2019.09.30"]
[SourceQuality "1"]

1. d4 d5 2. c4 c6 3. Nf3 Nf6 4. Nbd2 Bf5 5. Nh4 Be6 6. e3 dxc4 7. Nxc4 c5 8. Nf3 cxd4 9. Nxd4 Bd5 10. f3 e6 11. Be2 Bb4+ 12. Bd2 Bc5 13. Bc3 Nc6 14. Nxc6 Bxc6 15. b4 Nd5 16. bxc5 Nxc3 17. Qxd8+ Rxd8 18. Nd6+ Ke7 19. Rc1 Nxa2 20. Ra1 Nc3 21. Rxa7 Ra8 22. Rxa8 Rxa8 23. Kd2 Nxe2 24. Kxe2 Ra2+ 25. Kd3 Rxg2 26. Rb1 Bxf3 27. e4 Be2+ 28. Kc3 Ba6 29. Nxb7 Rxh2 30. c6 Rh5 31. Rd1 Rb5 32. Rd7+ Kf6 33. Kd4 e5+ 34. Ke3 Rb3+ 35. Kd2 Rb4 36. Rd6+ Kg5 37. Nc5 Bc8 38. Kc3 Rd4 39. Nb7 h5 40. Rxd4 exd4+ 41. Kxd4 Kf4 42. Nd6 Be6 43. Nf5 g6 44. Ne7 h4 45. Nd5+ Kf3 46. Ke5 g5 47. Kd6 h3 48. Nf6 h2 49. Nh7 Kf4 50. Nf8 h1Q 51. Nxe6+ fxe6 52. Kxe6 Qxe4+ 53. Kd6 Qxc6+ 0-1